| 000 | 00777nam a2200205 a 4500 | ||
|---|---|---|---|
| 005 | 20210219160122.0 | ||
| 008 | 080808s1983 mx r 000 0 spa d | ||
| 035 | _aUPN01000159118 | ||
| 049 | _aUNE | ||
| 080 | _a027.8: 371.13 (729)=20 UNI No.4. | ||
| 245 | 0 | 0 |
_aUniversity of the South Pacific certificate course in librarianship, 6 and 7 : _bschool libraries specialization. |
| 260 |
_aParís : _bUNESCO, _c1983. |
||
| 300 |
_a273 p. : _bil. |
||
| 440 | 0 | _aPGI-83/WS/13 | |
| 500 | _aProyecto piloto sobre el desarrollo de bibliotecas escolares en la región del Caribe | ||
| 690 | _aBibliotecas escolares - Formacion profesional | ||
| 690 | _aBibliotecas escolares - Cursos de capacitacion | ||
| 710 | 2 | _aPrograma General de Información y UNISIST | |
| 905 | _aUNESCO | ||
| 999 |
_c131232 _d131232 |
||